000 00547nam a2200145 a 4500
008 120416s1968 ||||||||||||||||| || u
050 _aHD 1265.Z7 Pal
100 _aPalmer, Robin H
245 1 0 _aAspects of Rhodesian land policy, 1890-1936
260 _aHarare
_bThe Central African Historical Association
_c1968
350 _a0.00
650 _aLAND POLICY--RHODESIA
650 _aLAND
995 _D0.00
_FCBU-MAIN LIBRARY (Kitwe)
_H1
_I85.00
_M1
_UAVAILABLE
_VApr 11, 2007
_ZZambiana Collection
999 _c34917
_d34917